banner-ar

SEDIMENTARY GEOLOGY: AN INTRODUCTION TO SEDIMENTARY ROCKS AND STRATIGRAPHY / (Record no. 15733)

MARC details
000 -الفاتح
حقل البيانات ثابتة الطول 00629nam a2200205Ia 4500
008 - عناصر البيانات ثابتة الطول - معلومات عامة
حقل البيانات ثابتة الطول 140319s9999 xx 000 0 eng d
040 ## - مصدر الفهرسة
وكالة الفهرسة الأصلية GCL /
وكالة النسخ GCL
082 04 - رقم تصنيف ديوى العشرى
رقم التصنيف 552.5
رقم المادة P S
100 1# - المدخل الرئيسى - إسم شخصى
الإسم الشخصى PROTHERO, DONALD . R.
245 10 - بيان العنوان
العنوان SEDIMENTARY GEOLOGY: AN INTRODUCTION TO SEDIMENTARY ROCKS AND STRATIGRAPHY /
بيان المسئوليه,etc PROTHERO, DONALD . R.
700 1# - المدخل الاضافى - اسم شخصى
الإسم الشخصى SCHWAB, FRED
260 ## - PUBLICATION, DISTRIBUTION, ETC. (IMPRINT)
تاريخ النشر أو التوزيع 1996
300 ## - الوصف المادى
التعداد 575 P
650 04 - المدخل الاضافى بالموضوع-مصطلح موضوعى
مصطلح موضوعي SCIENCE - COMPUTER NETWORK
650 04 - المدخل الاضافى بالموضوع-مصطلح موضوعى
مصطلح موضوعي الادب السويسرى
650 04 - المدخل الاضافى بالموضوع-مصطلح موضوعى
مصطلح موضوعي GEOLOGY, STRATIGRAPHIC
650 04 - المدخل الاضافى بالموضوع-مصطلح موضوعى
مصطلح موضوعي ROCK SEDIMENTARY
942 ## - عناصر المدخل الإضافي( كوها)
مصدر التصنيف او مخطط الترفيف Dewey Decimal Classification
Koha [default] item type كتاب
260 ## - PUBLICATION, DISTRIBUTION, ETC. (IMPRINT)
-- [S.N] :
-- W. H.FREEMAN AND COMPANY ،
Holdings
حالة التراجع حالة الفقد حالة تلف ليس للاعارة المكان المؤقت الموقع الحالى تاريخ الاكتساب اجمالي اﻻعارات رقم الطلب الباركود تاريخ اخر مشاهدة تاريخ تفعيل السعر نوع وعاء كوها
        مكتبة القاهرة الكبرى مكتبة القاهرة الكبرى 03/26/2014   552.5\P S 28992 03/26/2014 03/26/2014 كتاب
        مكتبة القاهرة الكبرى مكتبة القاهرة الكبرى 03/26/2014   552.5\P S 28993 03/26/2014 03/26/2014 كتاب

Powered By

EGPV